000 00295nam a22001337a 4500
008 221130b ||||| |||| 00| 0 eng d
041 _aeng
080 _a61
082 _a61NEA
100 _a4
101 _aMJK
245 _aCASE MYSTERIES IN PATHOPHYSIOLOGY
_cNEAFSEY J .P
942 _2udc
_cBK
999 _c59048
_d59048